| 000 | 00763nam a22002537a 4500 | ||
|---|---|---|---|
| 003 | CHAP | ||
| 005 | 20220329135340.0 | ||
| 008 | 971013s1853 r 00010 d | ||
| 010 | _a34830 | ||
| 011 | _a35802 | ||
| 035 | _a39919 | ||
| 040 | _cCHAP | ||
| 082 |
_a336.21 _bM4 |
||
| 110 |
_aMéxico. Leyes, decretos, etc. _977071 |
||
| 245 | _aDirectorio para la exacción y contabilidad de las contribuciones directas. Junio de 1853 | ||
| 260 |
_aMéxico, D.F. : _bImprenta de J.M. Lara, _c1853 |
||
| 300 | _a133 p | ||
| 590 |
_aBATCH-UPD _b10 _c20130110 _lUCH01 _h2041 |
||
| 590 |
_aCONVERSION _b10 _c20130109 _lUCH01 _h1319 |
||
| 650 | 1 | 4 |
_aImpuestos _xLeyes. _957500 |
| 901 | _aBK | ||
| 942 | _cLIBRO | ||
| 949 |
_a336.21 M4 _bBC _cBPP _d-91035 _eBPP _h80 _i39919 _si |
||
| 999 |
_c34830 _d34830 |
||